000 01175cpcaa2200301 a 4500
001 mm 80000886
003 DLC
005 20260227111658.0
008 800729|||||||||||| eng
010 _amm 80000886
040 _aDLC
_cDLC
_edacs
_dDLC
072 7 _aC
_2lcmd
100 1 _aThomas, Thomas,
_darmy officer.
245 0 0 _aThomas Thomas orderly book,
_f1776.
300 _a1
_fvolume (175 pages).
506 0 _aOpen to research.
520 8 _aOrderly book (1776 August 17-October 5) kept by Thomas as a member of a militia at Kingsbridge, New York, N.Y., during the Revolution.
545 0 _aMilitia officer.
546 _aCollection material in English.
580 _aForms part of: Miscellaneous Manuscripts collection.
651 0 _aKingsbridge (New York, N.Y.)
651 0 _aNew York (N.Y.)
_xHistory
_yRevolution, 1775-1783.
651 0 _aNew York (N.Y.)
_xMilitia.
651 0 _aUnited States
_xHistory
_yRevolution, 1775-1783.
656 7 _aArmy officers.
_2itoamc
999 _c42367
_d42367